000 00856nam a22002297a 4500
003 UA-OsUOA
001 60013
007 ta
008 20090430b un ||||| |||| 00| 0 ukr d
090 _a329.1/6
_bД50
942 _cBK
040 _aUA-OsUOA
_bukr
_cUA-OsUOA
_dUA-OsUOA
245 _aДіяльність політичних партій і блоків у сфері прав людини після виборів
_bАналіз законодавчої діяльності та реалізації передвиборчих програм партій і блоків протягом березня - початку листопада 2006 року
300 _a64 с.
955 _a2
041 _aukr
080 _a329.1/6
020 _a966-8919-17-3
260 _aК.
_c2007
650 7 _a32 Політика
_2UDC
999 _c346049
_d346049